|
|
|
|
| LEADER |
00777cam a2200241 7i4500 |
| 001 |
0000036440 |
| 005 |
20200917090000.0 |
| 007 |
##ta |
| 008 |
200917s2019 flua r 000 0 eng d |
| 020 |
# |
# |
|a 9781634540681
|
| 040 |
# |
# |
|a MATR
|
| 090 |
0 |
0 |
|a B 657.458
|b WRI
|
| 100 |
1 |
# |
|a Wright, Rick A.,
|c Jr.
|e author
|
| 245 |
1 |
0 |
|a Agile Auditing :
|b Transforming the Internal Audit Process
|c Rick A. Wright Jr., CIA.
|
| 264 |
# |
4 |
|a ♭2019.
|
| 264 |
# |
1 |
|a Lake Mary, Florida:
|b Internal Audit Foundation,
|c 2019.
|
| 300 |
# |
# |
|a 133 pages:
|b colour illustrations;
|c 26 cm.
|
| 336 |
# |
# |
|a text
|2 rdacontent
|
| 337 |
# |
# |
|a unmediated
|2 rdamedia
|
| 338 |
# |
# |
|a volume
|2 rdacarrier
|
| 650 |
# |
0 |
|a Auditing
|
| 650 |
# |
0 |
|a Auditing, Internal
|
| 999 |
|
|
|a B000041215
|b Book
|c Book
|e Business Information Centre
|